| 000 | 00674nam a2200241 4500 | ||
|---|---|---|---|
| 001 | 2026 | ||
| 010 | _a9789895814480 | ||
| 021 |
_aPT _b546850/25 |
||
| 090 | _a2026 | ||
| 100 | _a20260113d2025 c||y0pory50030103ba | ||
| 101 | _apor | ||
| 102 | _aPT | ||
| 200 |
_aGlória, a menina que sorria a dormir _fIsabel Zambujal, João Espírito Santo |
||
| 205 | _a1ª edição | ||
| 210 |
_aAlfragide _cOficina do Livro _d2025 |
||
| 215 |
_a69 p. _cil. _d25 cm |
||
| 300 | _aBMB-Registado | ||
| 606 |
_9863 _aLiteratura Infantil |
||
| 675 |
_a087.5 _vBMB _zpor |
||
| 700 |
_aZambujal _bIsabel _f1965- _92900 |
||
| 701 |
_92901 _aEspírito Santo _bJoão _4440 |
||
| 801 |
_aPT _bBMB _gRPC |
||
| 990 | _cLIVROS | ||